Klíč od domova. Lidové stavby Východních Čech

Salvato in:
Dettagli Bibliografici
Autori principali: Štěpán, Luděk (Autore), Vařeka, Josef (Autore)
Natura: Libro
Lingua:ceco
Pubblicazione: Hr.Králové : Kruh-ČSOB, 1991
Edizione:1. vydanie
Soggetti:
Tags: Aggiungi Tag
Nessun Tag, puoi essere il primo ad aggiungerne!!

MARC

LEADER 00000nam a22000003a 4500
001 stu11373
005 20150617225801.1
008 950403s1991----cs------------------cze-d
040 |a STU  |b slo 
041 0 |a cze 
044 |a cs 
100 1 |a Štěpán, Luděk  |4 aut 
245 1 |a Klíč od domova. Lidové stavby Východních Čech 
250 |a 1. vydanie 
260 |a Hr.Králové :  |b Kruh-ČSOB,  |c 1991 
300 |a 357 s 
650 7 |a architektúra ľudová  |2 stusub 
700 1 |a Vařeka, Josef  |4 aut 
996 |b 284AU02680  |c A*2217 U  |l AAKNAR  |s A  |a 24  |w stu11373_0001